MDQL
is popping MORE tags! Check the
thread
!
Quizzes
Events
Quiz Creation
Community
Videos
Private Events
Remove Ads
Sign In
Join for FREE
Feedback
Dark Mode
Quiz Categories
Sports
Geography
Music
Movies
Television
Just For Fun
Miscellaneous
History
Literature
Language
Science
Gaming
Entertainment
Religion
Holiday
For Kids
Quiz Lab
Recent
Popular Today
Quiz Kudos Today
Editor Picks
Curator Picks
Quizzes by...
Day
Popularity
Type
Ratings
Length
Year
Community
Subscriptions
Recent Discussions
Orange Saloon
Badges
Playlists
Quests
Create
Leaderboards
Showdown
Live 5
Trivia Bingo
Activity
Puzzle Library
Sporcle Events
Private Events
Virtual Trivia
Globe League
Become a Host
Pub Owners
SporcleCon
Opinionation
Our Games
Videos
Blog
Mobile Apps
Partnerships
Remove Ads and Go Orange
Feedback
Music
Pop Music
The Beatles
Song
Album
Lyrics
Bands
Singers
Artist
Clip
Rock
Rap
Classical
Billboard
Country Music
Kpop
Taylor Swift
Music
Pop Music
The Beatles
Song
Album
Lyrics
Bands
Singers
Artist
Clip
Rock
Rap
Classical
Billboard
Country Music
Kpop
Taylor Swift
Random Quiz
Search Sporcle
×
Quiz Lab
Quiz Lab
Music
Artist
Select answers by clicking on text or image buttons
Select answers by clicking on text or image buttons
Clickable
Best Score? Go Orange.
Where do the Monstercat artists live? Stats
Their current location, according to r/monstercat wiki
By
andrewnitu
6m
48 Questions
46 Plays
46 Plays
46 Plays
Comments
Comments
Give Quiz Kudos
Give Quiz Kudos
-
- Ratings
hide this ad
Forced Order
Answers have to be entered in order
Answers have to be entered in order
Random Order
Randomize order of answers
Randomize order of answers
Replay
Link that replays current quiz
Next Quiz
Link to next quiz in quiz playlist
You Got
0%
They Got
Avg Score
10%
Avg Friend Score
Upgrade to see
Score Distribution
Jump to the score distribution portion of the page
Score
0/48
Timer
06:00
0
Plays Today
% Correct
Stockholm, Sweden
37%
Oslo, Norway
23.9%
Buffalo, USA
21.7%
Glasgow, Scotland
21.7%
Dublin, Ireland
21.7%
Vancouver, Canada
19.6%
Dallas, USA
19.6%
Denver, USA
17.4%
Tampa, USA
17.4%
London, England
15.2%
Basingstoke, England
15.2%
Sydney, Australia
15.2%
Bedfordshire, England
15.2%
Waterloo, Canada
13%
Enschede, Netherlands
13%
Sydney, Australia
13%
Chicago, USA
13%
Birmingham, England
13%
Copenhagen, Denmark
13%
Trollhättan, Sweden
13%
Peterborough, England
13%
Tampa, USA
13%
Zürich, Switzerland
10.9%
Boston, USA
8.7%
% Correct
Toronto, Canada
8.7%
Chicago, USA
8.7%
Eskilstuna, Sweden
8.7%
London, Canada
8.7%
London, England
6.5%
Baltimore, Maryland
6.5%
Calgary, Canada
6.5%
Pittsburgh, USA
6.5%
New York City, USA
4.3%
Bristol, England
4.3%
Orlando, USA
4.3%
Kent, England
4.3%
Manchester, England
4.3%
Barnsley, England
4.3%
Montreal, Canada
4.3%
Mississauga, Canada
4.3%
Warrington, England
4.3%
Rotterdam, Netherlands
2.2%
San Diego, USA
2.2%
Almere, Netherlands
2.2%
Brooklyn, USA
2.2%
Las Vegas, USA
2.2%
Philadelphia, USA
0%
Salinas, USA
0%
Quiz Playlist
Details
Report
Send in Message
Add To Playlist
Clickable:
Select answers by clicking on text or image buttons
Forced Order:
Answers have to be entered in order
Random Order:
Randomize order of answers
Last Updated: Feb 16, 2017
Quiz Scoreboard
CHALLENGE
Sign Up to Join the Scoreboard
Show All
Scores
Hide
Comments
May contain spoilers
Recently Published
1-10 Letter E Words III
by El_Dandy
Language
2m
Street Fighter Characters
by Artimus82
Gaming
60s
College Basketball Coaching Resumes
by pancakes188
Sports
9m
More to Explore
Quiz From the Vault
Featured Blog Post
Where Did the Easter Bunny Come From?
hide this ad
You Might Also Like...
Tags
Artist Quiz
Clickable Quiz
Live
location
Wiki
Today's Top Quizzes in Music
Browse Music
hide this ad
Today's Top Quizzes in Artist
Browse Artist
Top Contributed Quizzes in Music
1
Taylor Swift All Songs (2024)
2
Taylor Swift Logic Puzzle
3
Guess the Artist- 70s Songs
4
7-to-1: Billboard Hot 100 #1 Hits of 2010s
5
Sorting Albums and Songs
6
KPOP LOGIC QUIZ
7
Billboard Blitz: Aretha Franklin
8
Guess the Taylor Swift song (Mystery Song)
9
Guess The Taylor Swift Lyrics Song #1
10
Billboard Blitz: ABBA
Explore More
Trending Topics
NBA
Crossword
Marvel
Harry Potter
Kpop
Disney
Anime
Country
Puzzle
Soccer
NFL
The Office
Song
Pokémon
WWE
hide this ad
More By:
andrewnitu
Quiz
Plays
Rating
Category
Featured
Created
Complete the Monstercat lyric
361
5.00
Music
Apr 7, 2016
Name the Monstercat vocalist!
145
5.00
Music
Apr 11, 2016
Monstercat EP Vocalists
115
5.00
Music
Apr 12, 2016
Where do the Monstercat artists live?
46
5.00
Music
Apr 9, 2016
Go to Creator's Profile
Score Distribution
Quiz Creator Spotlight
andrewnitu
Follow
Send a Message
Quizzes Created
-
Created Quiz Play Count
-
More By This Creator
Popular Quizzes Today
1
Find the US States - No Outlines Minefield
2
Find the Countries of Europe - No Outlines Minefield
3
The Countries of the World
4
Find the US States
5
Risky Map Clicking: Biggest States A-Z
6
US States
7
Popular People in 1961
8
Movies - When Are They Set?
More Music Quizzes
Swedish House Mafia & The Weeknd - Moth To A Flame
Quiz Lab
Trending Quizzes
Risky Map Clicking: Least Populous States A-Z
1-10 Letter G Words
1-10 Letter F Words
Countries of the World: 200 Million BC
Risky Map Clicking: Next State Alphabetically
Recently Updated
Beyoncé Albums
pecheneg
Leaping Animals
pecheneg
Reality TV Shows (A-Z)
bhenderson79
Rickey Henderson's Hall of Fame Teammates
pecheneg
Champions League XIs: Arsenal
pecheneg
Quick Pick: Celebrities in WWE's Hall of Fame
aduchscher
A-Z Keypad Blitz II
pecheneg
Multiple Oscar Actors
pecheneg
Mystery Phrase Blitz: Oscar 'Best Actors'
pecheneg
F. Scott Fitzgerald Novels
LTH
Trending Topics
Kpop
Harry Potter
Marvel
NBA
Disney
Anime
Crossword
The Office
Country
Pokémon
Song
WWE
Puzzle
NFL
Soccer
Your Account Isn't Verified!
In order to create a playlist on Sporcle, you need to verify the email address you used during registration. Go to your
Sporcle Settings
to finish the process.
Report this User
Report this user for behavior that violates our
Community Guidelines
.
Details:
Send Report
Go to the Sporcle.com Mobile Site →
Comments